| 000 | 00953nam a2200277 i 4500 | ||
|---|---|---|---|
| 003 | DO-SdBNP | ||
| 005 | 20240708133402.0 | ||
| 007 | ta | ||
| 008 | 240708b2007 sp ad||| |||| 00| 0 spa d | ||
| 020 | _a9788466203302 | ||
| 020 | _a8466203303 | ||
| 040 |
_aDO-SdBNP _bspa _cBNPHU _erda |
||
| 082 | 4 | _222 | |
| 100 | 1 |
_aáguila Castro, María Jesús del _eautora _985979 |
|
| 245 | 1 | 0 |
_aFeng shui : _bla armonía con el entorno / _cMaría Jesús del Águila Castro ; ilustraciones Amelia Lamaignere, Josefa Fernández |
| 264 |
_aMadrid, España : _bLIBSA, _c2007. |
||
| 300 |
_a319 páginas : _bilustraciones, gráficos ; _c24 cm. |
||
| 336 |
_2rdacontent _atexto _btxt |
||
| 337 |
_2rdamedia _asin mediación _bnc |
||
| 338 |
_2rdacarrier _avolumen _bnc |
||
| 590 | _aInventariado, 2024/ YL | ||
| 700 | 1 |
_aLamaignere, Amelia _e ilustraciones _985987 |
|
| 700 | 1 |
_aFernández, Josefa _e ilustraciones _985988 |
|
| 910 | _aYlockward | ||
| 942 |
_2ddc _cLBS1 |
||
| 999 |
_c57204 _d57204 |
||